[Event "HCL-C312"]
[Site "www.playchess.de"]
[Date "2001.04.16"]
[Round "11"]
[White "thalis"]
[Black "Yurispb"]
[WhiteElo "1515"]
[BlackElo "1469"]
[PlyCount "42"]
[Result "0-1"]

1.e4 c5 2.d4 cxd4 3.Nf3 e5 4.c3 dxc3 5.Nxc3 Nc6 
6.Bc4 Bb4 7.Bxf7+ Kxf7 8.Qd5+ Kf8 9.Bg5 Nge7 
10.Bxe7+ Qxe7 11.Rd1 d6 12.O-O Be6 13.Qb5 Bxc3 
14.bxc3 g6 15.Ng5 Bxa2 16.Rd2 a6 17.Qb6 Bc4 
18.Rfd1 Rd8 19.Qxb7 {YOu play very good! My 
congratulations! I played the Morra-Gambit the 
first time, still very interes}  Qxb7 {I play 
Morra gambit regular,so I know it enough well}  
20.h3 Kg7 21.R2xd6 {Your move Nc6 was great!}  
Rxd6 0-1

[Event "HCL-C312"]
[Site "www.playchess.de"]
[Date "2001.04.16"]
[Round "16"]
[White "olaf"]
[Black "thalis"]
[WhiteElo "1269"]
[BlackElo "1515"]
[PlyCount "34"]
[Result "0-1"]

1.e4 e5 2.Nf3 Nc6 3.Bc4 Bc5 {Auf ein schönes 
Spiel!}  4.c3 Qe7 5.O-O Nf6 6.Ng5 O-O 7.b4 Bb6 
8.Ba3 d6 9.d3 Bg4 10.Qd2 h6 11.Nxf7 Rxf7 {Ich habe 
hier zwar noch nicht viele Partien gewonnen... 
Sxf7 erscheint mir recht mutig!}  12.Bxf7+ Qxf7 
13.c4 Nd4 {Da ist ja ein schönes Plätzchen für 
meinen Springer freigeworden :-))}  14.Kh1 Nf3 
15.Qe2 Nxh2 16.f3 {Soll ich aufgeben oder willst 
Du zu Ende spielen??}  Qh5 {Es dauert nicht mehr 
lange: zu Ende. Kannst Du im Turnier HCL C320 noch 
mit rein?}  17.fxg4 Nhxg4+ 0-1

[Event "HCL-C031"]
[Site "www.playchess.de"]
[Date "2001.04.16"]
[Round "1"]
[White "chessplayer"]
[Black "Geecee"]
[WhiteElo "1000"]
[BlackElo "1000"]
[PlyCount "32"]
[Result "0-1"]

1.Nf3 Nc6 2.e4 e5 3.Nc3 Bb4 4.Bb5 Nf6 5.O-O d5 
6.Nxe5 O-O 7.a3 Bxc3 8.dxc3 Nxe5 9.Bg5 Bg4 10.f3 
a6 11.fxg4 axb5 12.exd5 Qxd5 13.Qc1 Nfxg4 14.Qf4 
Ra4 15.Qf5 Ne3 16.Rfe1 Nxf5 0-1

[Event "HCL-C031"]
[Site "www.playchess.de"]
[Date "2001.04.16"]
[Round "8"]
[White "Geecee"]
[Black "Galagus"]
[WhiteElo "1000"]
[BlackElo "1000"]
[PlyCount "58"]
[Result "0-1"]

1.e4 e5 2.Nf3 Nc6 3.Nc3 Nf6 4.Bc4 Nxe4 5.Nxe4 d5 
6.Nc5 dxc4 7.d3 Bxc5 8.Be3 Bxe3 9.fxe3 Be6 10.Qd2 
cxd3 11.cxd3 O-O 12.O-O-O Qd5 13.Kb1 Qxa2+ 14.Kc1 
Bb3 15.Qc2 Bxc2 16.Kxc2 Nb4+ 17.Kd2 e4 18.dxe4 
Rad8+ 19.Ke1 Rxd1+ 20.Kxd1 Qb1+ 21.Ke2 Qxh1 22.Kf2 
Nc2 23.e5 Rd8 24.b3 Rd1 25.e4 Ne1 26.Ng5 Qxh2 
27.Ke3 Rd3+ 28.Kf2 Qxg2+ 29.Kxe1 
Rxb3 0-1

[Event "HCL-C031"]
[Site "www.playchess.de"]
[Date "2001.04.16"]
[Round "16"]
[White "COMETIN"]
[Black "chessplayer"]
[WhiteElo "1000"]
[BlackElo "1000"]
[PlyCount "31"]
[Result "1-0"]

1.d4 d5 2.e3 Nf6 3.Nc3 Bf5 4.Bd3 g6 5.f3 Bg7 6.g4 
Bxd3 7.Qxd3 Nc6 8.g5 Nd7 9.Nxd5 e6 10.Nf4 Nb6 
11.b3 Qd6 12.a3 O-O 13.h4 Rad8 14.Nge2 e5 15.dxe5 
Qxe5 16.Nd4 1-0

[Event "HCL-C031"]
[Site "www.playchess.de"]
[Date "2001.04.16"]
[Round "17"]
[White "Geecee"]
[Black "COMETIN"]
[WhiteElo "1000"]
[BlackElo "1000"]
[PlyCount "66"]
[Result "0-1"]

1.e4 d5 2.Nc3 Be6 3.d4 Nf6 4.e5 Ne4 5.Nxe4 dxe4 
6.f3 Nc6 7.Bb5 Qd5 8.Bxc6+ Qxc6 9.Nh3 Bxh3 10.gxh3 
exf3 11.Be3 Qe4 12.Qd2 O-O-O 13.O-O-O e6 14.Bg5 
Rd7 15.Rhe1 Qf5 16.h4 h6 17.Be3 g5 18.hxg5 hxg5 
19.Bxg5 a5 20.Qxa5 Qxg5+ 21.Kb1 c6 22.Rd3 Qg2 
23.a3 f2 24.Red1 f1Q 25.Rxf1 Qxf1+ 26.Ka2 Kb8 
27.h4 Qe2 28.Rc3 Rxd4 29.Rb3 Qxc2 30.Qb6 Rd7 31.a4 
Rxh4 32.a5 Ra4+ 33.Ra3 Rxa3+ 0-1

[Event "HCL-C031"]
[Site "www.playchess.de"]
[Date "2001.04.16"]
[Round "20"]
[White "COMETIN"]
[Black "Galagus"]
[WhiteElo "1000"]
[BlackElo "1000"]
[PlyCount "50"]
[Result "0-1"]

1.e4 e5 2.Nf3 Nc6 3.Bd3 d5 4.c3 f5 5.exf5 e4 6.Qe2 
Be7 7.Nd4 exd3 8.Qxd3 Nf6 9.O-O O-O 10.Qg3 Nxd4 
11.cxd4 Bxf5 12.d3 Ng4 13.h3 Bd6 14.f4 Nf6 15.Nc3 
Nh5 16.Qf3 Qe8 17.Nxd5 Qg6 18.g4 Bxd3 19.f5 Bxf5 
20.Bf4 Nxf4 21.Nxf4 Bxf4 22.Kh1 Be4 23.Rae1 Bxf3+ 
24.Rxf3 Qc2 25.Ref1 Qh2+ 0-1

[Event "HCL-A064"]
[Site "www.playchess.de"]
[Date "2001.04.17"]
[Round "3"]
[White "Brrrr"]
[Black "minkin72"]
[WhiteElo "1796"]
[BlackElo "2022"]
[PlyCount "92"]
[Result "0-1"]

1.d4 f5 2.g3 Nf6 3.Bg2 e6 4.c4 {Happy New Year! 
:-)}  Be7 {To you too :)}  5.Nf3 d5 6.cxd5 exd5 
7.Ne5 O-O 8.Nc3 c6 9.Bg5 Ne4 10.Bxe7 Qxe7 11.Rc1 
Nd7 12.Nd3 Ndf6 13.O-O Be6 14.e3 Bf7 15.Qc2 Ng4 
16.Na4 Qg5 17.Nac5 Qh6 18.h3 Nxe3 {This is 
probably not a sound combination, but it is fun 
:)}  19.fxe3 {That's for sure. And of course I 
dare not decline the piece.}  Qxe3+ 20.Rf2 Nxg3 
21.Kh2 Ne4 22.Rf3 Qxd4 23.Nxb7 {3 or 4 pawns for a 
minor piece cannot be that bad.}  Bh5 {I won't 
hold on but to 2 of them I think, and for them to 
move forward I need your help :)}  24.Rff1 {Well, 
I usually make 10 mistakes per game, but I don't 
know what my total is so far! :-)}  f4 {I do not 
think you made any bad moves in this game.}  
25.Nxf4 {Agreed, but often the move played is not 
objectively the best.}  Qe5 {I think your last 
move was a mistake, it is a poisonous pawn.  I end 
up with a huge attack :)}  26.Na5 {You may be 
right :-)}  Rxf4 27.Nxc6 {To remove a message, 
just enter a space.}  Qd6 {Thanks, I did not know 
that, well there is no attack, but at least I have 
a pawn :)}  28.Kg1 {Very often pawns are the 
decisive element.}  Rxf1+ 29.Rxf1 Re8 30.b4 Ng3 
31.Qc5 Qxc5+ 32.bxc5 Nxf1 33.Bxd5+ Kh8 34.Kxf1 a6 
35.Bg2 Rf8+ 36.Ke1 Rf5 37.Nb4 Rxc5 38.Nxa6 Ra5 
39.Nb4 Ra4 40.a3 Rxa3 41.Kf2 Bg6 42.Kg1 Bf5 43.Kh2 
{I won't insult you by offering a draw, but...}  
Ra4 {Well :) No Draw :) Sorry :)  I want to see if 
I can beat Werner on points by getting a draw from 
him}  44.Nd5 {Go for it!}  Ra2 45.Ne3 {I looked at 
3 lines, and don't like any of them for me. :-(}  
Bxh3 {I don't think there is a safety for white 
here :(}  46.Kxh3 {Thanks for the game. I'll 
resign after 46...Ra3.}  Ra3 {I was a good game I 
hope we meet again :)}  0-1

[Event "HCL-B086"]
[Site "www.playchess.de"]
[Date "2001.04.17"]
[Round "2"]
[White "DTG007"]
[Black "Mathemagician"]
[WhiteElo "956"]
[BlackElo "1405"]
[PlyCount "104"]
[Result "0-1"]

1.e4 e6 2.d4 d5 3.exd5 exd5 4.Nc3 Bb4 5.g3 Nf6 
6.Nge2 O-O 7.Bg2 Re8 8.O-O Nc6 9.Bg5 h6 10.Bxf6 
Qxf6 11.Nxd5 Qd6 12.c3 Ba5 13.b4 Bb6 14.Nxb6 axb6 
15.Re1 Bg4 16.f3 Bf5 17.Nf4 Rxe1+ 18.Qxe1 Ne7 
19.Rd1 Rxa2 20.Nd3 Nd5 21.f4 Qe6 22.Qxe6 fxe6 
23.Bxd5 exd5 24.Ne5 Be4 25.Rc1 Rg2+ 26.Kf1 Rxh2 
27.Ke1 Ra2 28.c4 dxc4 29.Rxc4 c6 30.b5 cxb5 31.Rb4 
Bc6 32.d5 Bxd5 33.Rxb5 Bg2 34.Rxb6 Be4 35.Kd1 Kh7 
36.Kc1 Rc2+ 37.Kd1 Ra2 38.Kc1 Rg2 39.g4 Rf2 40.f5 
h5 41.gxh5 Rxf5 42.Re6 Rxh5 43.Kd2 Bd5 44.Re7 b5 
45.Nd7 Kh6 46.Re5 Rxe5 47.Nxe5 b4 48.Kc2 g5 49.Kd2 
b3 50.Nd3 g4 51.Ke1 g3 52.Kf1 Bc4 0-1

[Event "HCL-C047"]
[Site "www.playchess.de"]
[Date "2001.04.17"]
[Round "33"]
[White "JeanPierre"]
[Black "qwert660"]
[WhiteElo "1596"]
[BlackElo "1299"]
[PlyCount "108"]
[Result "0-1"]

1.e4 d5 2.exd5 Nf6 3.Bb5+ Bd7 4.Bc4 Bg4 5.f3 Bc8 
6.Nc3 Nbd7 7.d3 Nb6 8.Bf4 Nbxd5 9.Nxd5 Nxd5 10.Bd2 
e5 11.Qe2 Qd6 12.f4 Be6 13.fxe5 Qb6 14.O-O-O Bc5 
15.Qf3 O-O-O 16.c3 Ne3 17.Bxe6+ fxe6 18.Bxe3 Bxe3+ 
19.Kb1 Rhf8 20.Qg4 Rf4 21.Qh5 Bxg1 22.Ka1 Rf2 
23.Rb1 Rxg2 24.Qh3 Qf2 25.Qxe6+ Kb8 26.Qe7 Rf8 
27.Qd7 Qe2 28.e6 Bc5 29.Rhe1 Qg4 30.h4 Bd6 31.Ref1 
Rc8 32.Rfe1 Re2 33.Rxe2 Qxe2 34.d4 g6 35.Qxh7 Qxe6 
36.Rg1 Re8 37.a3 Bxa3 38.Qxg6 Qxg6 39.Rxg6 Bd6 
40.Rg1 Kc8 41.h5 Rh8 42.Rg5 Kd7 43.d5 Ke7 44.Rf5 
Rf8 45.Rg5 Kf6 46.Rg1 Rh8 47.Rh1 Rh6 48.Kb1 Kg5 
49.Kc2 Rxh5 50.Rxh5+ Kxh5 51.c4 a5 52.Kb3 Kg4 
53.Ka2 Kf4 54.Kb3 Ke4 0-1

[Event "HCL-E016"]
[Site "www.playchess.de"]
[Date "2001.04.17"]
[Round "8"]
[White "Dimentiy"]
[Black "edwardchess"]
[WhiteElo "2000"]
[BlackElo "1947"]
[PlyCount "50"]
[Result "0-1"]

1.e4 e6 2.d4 d5 3.Nd2 Nf6 4.e5 Nfd7 5.c3 c5 6.Bd3 
Nc6 7.Ne2 Qb6 8.Nf3 cxd4 9.cxd4 f6 10.exf6 Nxf6 
11.O-O Bd6 12.a3 O-O 13.Rb1 e5 14.dxe5 Nxe5 
15.Ned4 Bg4 16.Be3 Nxf3+ 17.Nxf3 Qc7 18.h3 Bh5 
19.Be2 Rad8 20.Nd4 Bxe2 21.Qxe2 Qd7 22.Qd3 Bb8 
23.Qf5 Qxf5 24.Nxf5 Ne4 25.Nd4 
Rde8 0-1

[Event "HCL-M002"]
[Site "www.playchess.de"]
[Date "2001.04.17"]
[Round "20"]
[White "Bronislaw"]
[Black "rayschutt"]
[WhiteElo "2334"]
[BlackElo "2200"]
[PlyCount "82"]
[Result "0-1"]

1.e4 c5 2.Nf3 d6 3.d4 cxd4 4.Nxd4 Nf6 5.Nc3 g6 
6.f4 Nc6 7.Be3 Bg7 8.Be2 O-O 9.Nb3 Be6 10.O-O Rc8 
11.f5 Bd7 12.fxg6 hxg6 13.Qe1 Ng4 14.Bxg4 Bxg4 
15.Qh4 Be6 16.Bh6 Bxc3 17.bxc3 Qb6+ 18.Kh1 Rfe8 
19.Rf3 Qb5 20.Re3 Qe5 21.Rf1 b5 22.a3 Qh8 23.Rg3 
Rc7 24.Qg5 Rec8 25.Rf4 Bxb3 26.cxb3 Ne5 27.c4 bxc4 
28.Rf1 c3 29.Rc1 c2 30.Qd2 Qf6 31.a4 Qh4 32.Bf4 
Ng4 33.Rf3 Nf6 34.e5 dxe5 35.Bxe5 Rd7 36.Rd3 Rxd3 
37.Qxd3 Qe4 38.Qd4 Qxd4 39.Bxd4 a5 40.Bb6 Ng4 
41.h4 Ne5 0-1

[Event "HCL-M009"]
[Site "www.playchess.de"]
[Date "2001.04.17"]
[Round "7"]
[White "Exchange_with_Tempo"]
[Black "cybermemere"]
[WhiteElo "2227"]
[BlackElo "2200"]
[PlyCount "39"]
[Result "1-0"]

1.d4 Nf6 2.Nf3 d5 3.Bf4 e6 4.e3 c5 5.c3 Nc6 6.Nbd2 
Bd6 7.Ne5 Bxe5 8.dxe5 Nd7 9.Qg4 g6 10.Qg3 Qc7 
11.Bb5 a6 12.Bxc6 Qxc6 13.O-O b6 14.e4 Bb7 15.exd5 
exd5 16.Bh6 O-O-O 17.Nf3 Rde8 18.Qf4 Nf8 19.Qxf7 
Ne6 20.Qf6 1-0

[Event "HCL-B148"]
[Site "www.playchess.de"]
[Date "2001.04.17"]
[Round "7"]
[White "ignomonius"]
[Black "sarek"]
[WhiteElo "1500"]
[BlackElo "1116"]
[PlyCount "48"]
[Result "0-1"]

1.e4 {good luck, bon chance}  e6 2.d4 d5 {live 
long and prosper!}  3.e5 {may the wind always be 
at your back}  c5 4.c3 Nc6 5.Nf3 Qb6 6.Be2 cxd4 
{isthat a chinese proverb or your native one?}  
7.cxd4 {its from one of the trek movies...its one 
of J.Kirk's}  Nge7 {fanscinating! I am also a stra 
trek fan.}  8.O-O {guess what? Me too!}  Nf5 {I 
like the original best but i does not mean that i 
dislike the next generation.}  9.Be3 {I prefer the 
original series but I am a fan of Voyager}  Nxe3 
{I am not very familiar with it because it is not 
yet shown in philippine tv.}  10.fxe3 {ok, I think 
you will enjoy it.  I much prefer the characters 
in that than STNG}  Qxb2 {Do you have any news 
about the nes star trek movie?}  11.Nbd2 {no I 
haven't heard much.  I try to keep my ear to the 
ground}  Be7 {The latest is that the villain is 
that of the Romulans.}  12.Nb3 {thats good, i am a 
romulan in a sim game on the net}  Bd7 {They are 
blood brithers with the vulcan which is my 
favorite Spock}  13.Rf2 {I like the Vulcans too}  
Qa3 {Which do you like more? Kirk or Picard.}  
14.Bb5 {kirk , definitely}  a6 {I heard that it is 
already tyhe last season for the Voyager.}  
15.Bxc6 {6th and last.  Very true and very sad.  I 
rather liked the series.}  bxc6 {A new one is 
coming.}  16.Rc2 {Oh! they must have changed their 
minds}  O-O {what is best trek website?}  17.Rac1 
{The one I used to use has since left the web.  So 
I don't know the answer to that one!}  a5 {Try 
startrek.com.}  18.Nfd2 {I will thank you.}  Qb4 
19.Nc5 Bxc5 20.R2xc5 Qb6 21.Nb3 f6 22.Qh5 Be8 
23.Qd1 fxe5 24.R5c3 exd4 0-1

[Event "HCL-E020"]
[Site "www.playchess.de"]
[Date "2001.04.17"]
[Round "5"]
[White "KARFOPOULOS"]
[Black "MarkusSSG"]
[WhiteElo "2600"]
[BlackElo "2345"]
[PlyCount "86"]
[Result "0-1"]

1.e4 {good luck!!}  c6 {you too}  2.d4 d5 3.Nd2 
dxe4 4.Nxe4 Bf5 5.Ng3 Bg6 6.Nf3 Nf6 7.h4 h6 8.Ne5 
Bh7 9.Bc4 e6 10.Qe2 Nd5 11.Bb3 a5 12.O-O Nd7 
13.Nxd7 Qxd7 14.c4 Nb4 15.a3 Na6 16.Rd1 Be7 17.Qg4 
O-O-O 18.Qxg7 Bxh4 19.Bf4 f6 20.Qg4 Bg5 21.c5 Rhe8 
22.Bd6 Nc7 23.f4 f5 24.Qh5 Be7 25.Qxh6 Bxd6 
26.cxd6 Nd5 27.Bxd5 exd5 28.Rde1 Reg8 29.Re7 Qxd6 
30.Qxh7 Rxg3 31.Qxf5+ Kb8 32.Rae1 Rdg8 33.R7e8+ 
Ka7 34.Rxg8 Rxg8 35.g4 Qh6 36.g5 Qh5 37.Qe5 Rh8 
38.Kf2 Qh2+ 39.Kf3 Rh3+ 40.Kg4 Rh7 41.Kf3 Qxb2 
42.Re3 Qh2 43.Re1 Rh4 0-1

[Event "HCL-A069"]
[Site "www.playchess.de"]
[Date "2001.04.17"]
[Round "18"]
[White "Lacey"]
[Black "peze"]
[WhiteElo "1779"]
[BlackElo "1939"]
[PlyCount "66"]
[Result "0-1"]

1.e4 e5 2.Nc3 Nf6 3.d4 exd4 4.Qxd4 Nc6 5.Qd3 Bc5 
6.Bf4 O-O 7.Be2 Re8 8.Bg5 Bb4 9.Nf3 Bxc3+ 10.bxc3 
h6 11.Bxf6 Qxf6 12.O-O Qf4 13.Nd2 d6 14.Rab1 Rb8 
15.Rfe1 Ne5 16.Qd4 c5 17.g3 cxd4 18.gxf4 dxc3 
19.Nc4 Nxc4 20.Bxc4 Be6 21.Bb3 b5 22.f5 Bxb3 
23.Rxb3 b4 24.Reb1 Rxe4 25.a3 Re2 26.R3xb4 Rxb4 
27.Rxb4 Rxc2 28.Rb7 Rc1+ 29.Kg2 d5 30.Rxa7 d4 
31.Rd7 c2 32.Kf3 Re1 33.Rc7 d3 0-1

[Event "HCL-B153"]
[Site "www.playchess.de"]
[Date "2001.04.17"]
[Round "6"]
[White "dgrudny"]
[Black "Pelikan"]
[WhiteElo "1500"]
[BlackElo "1380"]
[PlyCount "127"]
[Result "1/2-1/2"]

1.e4 e6 2.d4 d5 3.Nd2 Nf6 4.e5 Nfd7 5.Bd3 c5 6.c3 
Nc6 7.Ngf3 Qb6 8.O-O cxd4 9.cxd4 Nxd4 10.Nxd4 Qxd4 
11.Nf3 Qb6 12.Qa4 Qd8 13.Bg5 Be7 14.Bxe7 Qxe7 
15.Rac1 O-O 16.Rc7 Qd8 17.Rfc1 Nb6 18.Qh4 Qxh4 
19.Nxh4 Rb8 20.b3 Bd7 21.Nf3 Rfc8 22.Nd4 Na8 
23.R7xc8+ Rxc8 24.Rxc8+ Bxc8 25.Nb5 a5 26.Nd6 Nb6 
27.f4 Kf8 28.Bb5 Ke7 29.Kf2 f6 30.Ke3 g5 31.g3 
gxf4+ 32.gxf4 fxe5 33.fxe5 a4 34.Kd4 axb3 35.axb3 
Kd8 36.Bd3 h5 37.h4 Nd7 38.Bg6 Nb8 39.Ke3 b6 
40.Nxc8 Kxc8 41.Bxh5 Nd7 42.Bf7 Nf8 43.h5 Kd7 
44.h6 Ke7 45.Bg8 Ng6 46.h7 Kf8 47.Bxe6 Kg7 48.Bxd5 
Nxe5 49.Be4 Nd7 50.Bd3 Nc5 51.b4 Kh8 52.Kd4 Kg7 
53.Bc4 Kxh7 54.Kd5 Kg7 55.Kc6 Na4 56.Kb5 Nb2 
57.Be2 Kf6 58.Kxb6 Na4+ 59.Kc6 Nc3 60.Kd6 {Sorry. 
I think I can win.}  Ne4+ 61.Kd5 Nc3+ 62.Kd6 Ne4+ 
{How you want to win?}  63.Kc6 Nc3 64.Kd6 {OK. 
Let's Draw. I wish you luck in your game with 
class58!}  1/2-1/2

[Event "HCL-E021"]
[Site "www.playchess.de"]
[Date "2001.04.17"]
[Round "11"]
[White "tyhee"]
[Black "Jozef"]
[WhiteElo "2069"]
[BlackElo "2176"]
[PlyCount "44"]
[Result "1/2-1/2"]

1.e4 {hi, good luck.}  e5 2.Nf3 Nc6 3.Bb5 Bc5 4.c3 
a6 5.Bxc6 dxc6 6.d4 exd4 7.cxd4 Bb6 8.Nc3 Bg4 
9.Be3 Nf6 10.d5 Bxe3 11.fxe3 Qe7 12.dxc6 b6 13.Qd4 
Rd8 14.Nd5 Qd6 15.Nxf6+ Qxf6 16.Qxf6 gxf6 17.Nd4 
Rg8 18.O-O Ke7 19.Rf4 Rd6 20.Kf2 Bc8 21.Rc1 Rg5 
22.b4 b5 1/2-1/2

[Event "HCL-E021"]
[Site "www.playchess.de"]
[Date "2001.04.17"]
[Round "17"]
[White "smart"]
[Black "Goofy"]
[WhiteElo "2000"]
[BlackElo "2169"]
[PlyCount "62"]
[Result "1-0"]

1.e4 {good luck}  c5 2.Nc3 Nc6 3.Nc3 g6 4.g3 Bg7 
5.Bg2 e6 6.d3 Nd4 7.Be3 Ne7 8.Nce2 Nxe2 9.c3 d6 
10.Nxe2 Qc7 11.d4 O-O 12.Qd3 dxc5 13.dxc5 Qa5 
14.O-O-O Nc6 15.Kb1 e5 16.f4 Be6 17.Qc2 exf4 
18.Nc1 c4 19.gxf4 h5 20.h4 Rad8 21.Bf3 Rfe8 
22.Rhg1 Rxd8 23.Rxd8 Ne5 24.f5 Nxf3 25.fxe6 Ne5 
26.Qf2 Nxf7 27.exf7+ Ne5 28.Rxg6 Qc7 29.Qf5 Kf8 
30.Qe6+ Qf7 31.Rg5 Rf5 1-0

[Event "ACL-A091"]
[Site "www.playchess.de"]
[Date "2001.04.17"]
[Round "19"]
[White "Habi"]
[Black "Zsozso"]
[WhiteElo "1403"]
[BlackElo "1548"]
[PlyCount "66"]
[Result "0-1"]

1.e4 c5 2.Nf3 Nc6 3.d4 cxd4 4.Nxd4 Nf6 5.Nc3 e5 
6.Ndb5 d6 7.Bg5 a6 8.Na3 b5 9.Bxf6 gxf6 10.Nd5 f5 
11.Bd3 Be6 12.O-O Bg7 13.c4 bxc4 14.Nxc4 O-O 
15.Ncb6 fxe4 16.Bxe4 Rb8 17.Qa4 Nd4 18.Qxa6 f5 
19.Bd3 e4 20.Bc4 Kh8 21.Rfd1 Be5 22.Qa3 f4 23.Rxd4 
Bxd4 24.Rd1 Be5 25.Rc1 Qh4 26.g3 Rfg8 27.Nxf4 Qxf4 
28.Rc2 Qg4 29.Bxe6 Qd1+ 30.Kg2 Qxc2 31.Bxg8 Rxg8 
32.Qe3 Bxb2 33.Nd5 Qd3 0-1

[Event "HCL-E024"]
[Site "www.playchess.de"]
[Date "2001.04.17"]
[Round "21"]
[White "NOHAU"]
[Black "Goofy"]
[WhiteElo "2270"]
[BlackElo "2203"]
[PlyCount "77"]
[Result "1-0"]

1.e4 c6 2.d4 d5 3.e5 Bf5 4.Nf3 e6 5.Be2 Ne7 6.O-O 
Bg6 7.b3 c5 8.dxc5 Nec6 9.Bb2 Bxc5 10.a3 O-O 11.b4 
Bb6 12.Nbd2 Nd7 13.Bd3 Bxd3 14.cxd3 f6 15.exf6 
Nxf6 16.b5 Na5 17.a4 d4 18.Re1 Qd5 19.Re5 Qd7 
20.Nb3 Nxb3 21.Qxb3 Rae8 22.Ba3 Bc7 23.Bxf8 Bxe5 
24.Nxe5 Qc7 25.Bxg7 Qxe5 26.Bxf6 Qxf6 27.Re1 Kg7 
28.Qc4 Re7 29.Re4 e5 30.Rg4+ Kh6 31.Qc1+ Kh5 
32.Rg3 Qf4 33.Qc8 Re6 34.Rf3 Qd2 35.Rh3+ Kg5 
36.Qd8+ Rf6 37.Rg3+ Kh5 38.Qe8+ Kh4 
39.Rh3+ 1-0

[Event "HCL-B187"]
[Site "www.playchess.de"]
[Date "2001.04.17"]
[Round "2"]
[White "msmsk"]
[Black "BorEl"]
[WhiteElo "1609"]
[BlackElo "1490"]
[PlyCount "21"]
[Result "1-0"]

1.b4 d6 2.Bb2 e5 3.e3 Nf6 4.Bc4 Bg4 5.Ne2 Nbd7 
6.h3 Bh5 7.Nbc3 Nb6 8.Bb3 Be7 9.O-O O-O 10.a4 a5 
11.b5 1-0

[Event "HCL-B187"]
[Site "www.playchess.de"]
[Date "2001.04.17"]
[Round "4"]
[White "BorEl"]
[Black "German04"]
[WhiteElo "1490"]
[BlackElo "1222"]
[PlyCount "30"]
[Result "0-1"]

1.e4 e5 2.Nf3 Nc6 3.Bb5 a6 4.Ba4 d6 5.c3 Bd7 6.d4 
Nf6 7.O-O Nxe4 8.Re1 Nf6 9.Bxc6 Bxc6 10.dxe5 dxe5 
11.Qxd8+ Rxd8 12.Nxe5 Be7 13.Nxc6 bxc6 14.Bg5 Rd7 
15.Bxf6 gxf6 0-1

[Event "HCL-C181"]
[Site "www.playchess.de"]
[Date "2001.04.17"]
[Round "20"]
[White "foxzy"]
[Black "Membrane"]
[WhiteElo "999"]
[BlackElo "1000"]
[PlyCount "52"]
[Result "0-1"]

1.e4 e5 2.Nf3 Nc6 3.d4 Nxd4 4.Nxd4 exd4 5.Qxd4 c5 
6.Qc4 Nf6 7.Nc3 d5 8.exd5 Be7 9.Be3 O-O 10.Bxc5 
Bxc5 11.Qxc5 Re8+ 12.Be2 b6 13.Qc6 Ba6 14.Rd1 Ne4 
15.Nxe4 Rxe4 16.Rd2 Rc8 17.c4 Rxc6 18.dxc6 Rd4 
19.c7 Qd7 20.Rxd4 Qxd4 21.c8Q+ {%}  Bxc8 {?}  
22.O-O g6 23.Rd1 Qxb2 24.Bf1 Ba6 25.a4 Qb3 26.Rd8+ 
Kg7 0-1

[Event "HCL-E031"]
[Site "www.playchess.de"]
[Date "2001.04.17"]
[Round "28"]
[White "Fast_Eagle"]
[Black "magus"]
[WhiteElo "2000"]
[BlackElo "2000"]
[PlyCount "31"]
[Result "1-0"]

1.d4 d5 2.c4 e5 3.dxe5 d4 4.Nf3 Nc6 5.g3 Bf5 6.Bg2 
f6 7.exf6 Nxf6 8.O-O Qd7 9.a3 Bh3 10.Re1 Bxg2 
11.Kxg2 O-O-O 12.b4 d3 13.exd3 Qxd3 14.Qxd3 Rxd3 
15.Ra2 g6 16.Rae2 1-0

[Event "HCL-B199"]
[Site "www.playchess.de"]
[Date "2001.04.17"]
[Round "21"]
[White "alecs"]
[Black "Winnielee"]
[WhiteElo "1200"]
[BlackElo "1200"]
[PlyCount "42"]
[Result "0-1"]

1.e3 e5 2.e4 Nf6 3.Qf3 Nc6 4.c3 Bc5 5.Bc4 Na5 
6.Qe2 Nxc4 7.Qxc4 d6 8.b4 Be6 9.Qe2 Bb6 10.a4 a5 
11.b5 O-O 12.d4 exd4 13.Bd2 h6 14.e5 Re8 15.Kf1 
dxe5 16.Qxe5 Bc4+ 17.Qe2 Bxe2+ 18.Nxe2 dxc3 
19.Bxc3 Qd1+ 20.Be1 Qxe2+ 21.Kg1 
Qxe1+ 0-1

[Event "HCL-B200"]
[Site "www.playchess.de"]
[Date "2001.04.17"]
[Round "9"]
[White "yar75028"]
[Black "Shirov"]
[WhiteElo "1968"]
[BlackElo "1500"]
[PlyCount "31"]
[Result "1-0"]

1.d4 {hello, hope to give u a good game.}  d5 2.c4 
e6 {I like your opening style}  3.Nf3 {I been 
playing the king pwn opening alot lately and 
decided to go back to this for a few games. latr}  
Nf6 {I love the opening, but I don't really know 
how to make it end very well (only when I'm 
white).}  4.Nc3 {I'm rusty on it my self. used to 
play it always then everyone learned Karo-Kann!!}  
Bb4 {Great! I'll learn from this game (In bad or 
good way?)}  5.a3 Bxc3+ {had to do it, or else 
5... La5 6.b4  Lb6  7.c5  And there goes my 
bishop}  6.bxc3 {How r your other games going. I'm 
struggling in most of mine but having fun.}  O-O 
{Made a few litlle folds but not really major 
folds, so... hope I will not lose all my games}  
7.Bf4 Re8 {Pretty calm opening}  8.e3 b6 {my first 
and second game are going bad, the rest 
everythings still possible}  9.Bd3 Nc6 10.cxd5 
Nxd5 11.Qc2 Nf6 {I'm so sorry! I thought the 
website was broke forever!}  12.O-O {is there any 
reason u want a draw?}  Bb7 {I thought I could use 
some quick points}  13.Rab1 a5 14.Qe2 Kh8 15.e4 
{we thought u had found another hobby u liked 
better, girls r something like that.}  Ba6 16.Bxa6 
{i will be on vacation from friday to late 
monday.}  1-0

[Event "HCL-B197"]
[Site "www.playchess.de"]
[Date "2001.04.17"]
[Round "3"]
[White "lennin"]
[Black "Whatever"]
[WhiteElo "1530"]
[BlackElo "1262"]
[PlyCount "92"]
[Result "0-1"]

1.e4 c5 {Have a good game.}  2.Nf3 {all right lets 
the fun begin!}  Nc6 3.Nc3 g6 4.Bb5 Bg7 5.Bxc6 
bxc6 6.O-O Nf6 7.e5 Nd5 8.Nxd5 cxd5 9.d4 d6 10.Bf4 
dxe5 11.Bxe5 f6 12.Bf4 cxd4 13.Qxd4 e5 14.Qe3 Kf7 
15.Bh6 Qc7 16.Bxg7 Kxg7 17.Qd2 d4 18.Ne1 Ba6 
19.Nd3 e4 20.Nf4 Qd6 21.Rfe1 Rhe8 22.Ne2 Rad8 
23.Rad1 Bxe2 24.Qxe2 f5 25.g3 Qb6 26.b3 Kf6 27.h4 
h6 28.Rd2 g5 29.Qh5 Reh8 30.g4 Qe6 31.gxf5 Qxf5 
32.Red1 Ke5 33.Qe2 gxh4 34.R2xd4 Rhg8+ 35.Kh2 Qf4+ 
36.Kh1 Rxd4 37.Qh5+ Qg5 {I was expecting Qb5}  
38.f4+ {that was the original idea but after 
1..Ke6 I couldn't check anymore 'cuz of Qd6 and 
Rxd4 left Qf3++}  Kxf4 {You are good - I didn't 
see that (at first glimpse).}  39.Qxg5+ {Why 
didn't you take en-passant?}  hxg5 {I'm too old 
for this game.}  40.Rxd4 Kf3 41.c4 {hm, I don{t 
think so}  e3 42.Rd3 Kf2 43.Rd5 e2 44.Rf5+ Ke3 
45.Re5+ Kf3 46.Rf5+ Ke4 {It was a great game, but 
I'm a little disappointed by this offer and I 
decline.}  0-1

[Event "HCL-C201"]
[Site "www.playchess.de"]
[Date "2001.04.17"]
[Round "1"]
[White "craigsadler"]
[Black "Defcon_One"]
[WhiteElo "699"]
[BlackElo "1000"]
[PlyCount "31"]
[Result "1-0"]

1.e4 Nh6 {good luck}  2.d4 {same to you!}  g6 
3.Nc3 Bg7 4.Nf3 d6 5.Bc4 O-O 6.O-O Nd7 7.Re1 Nf6 
8.e5 Ne8 9.Ng5 Bg4 10.f3 Bf5 11.f4 Ng4 12.Bxf7+ 
Rxf7 13.Nxf7 Kxf7 14.Ne4 h6 {sorry i took so long} 
 15.h3 {don't worry about it...better late than 
never :)}  d5 {sorry i took so long}  
16.hxg4 1-0